Statistics for Super Smash Bros Stages

Click here to take the quiz!

General Stats

  • This quiz has been taken 359 times
    (135 since last reset)
  • The average score is 42 of 119

Answer Stats

Game of OriginStage Name% Correct
MarioPeach's Castle
78%
PokemonPokemon Stadium
72%
| YoshiYoshi's Island
67%
Pokemon Stadium 2
66%
Corneria
65%
SonicGreen Hill Zone
64%
Mushroom Kingdom
60%
Big Blue
60%
Mushroom: Kingdom
60%
Hyrule Castle
59%
MetriodBrinstar
58%
Venom
57%
Legend of ZeldaTemple
57%
Game & WatchFlat Zone
57%
| F-ZeroMute City
54%
Duck HuntDuck Hunt
54%
Earthbound (Mother)Onett
54%
Donkey KongJungle Japes
53%
Dream Land
51%
Lylat Cruise
51%
Mushroomy Kingdom
51%
Punch OutBoxing Ring
49%
Flat Zone 2
49%
Brinstar Depths
48%
OtherBattlefield
48%
Final Destination
47%
XenobladeGaur Plain
45%
New Pork City
45%
Fire EmblemCastle Siege
45%
CastlevaniaDracula's Castle
45%
KirbyFountain of Dreams
45%
Palutena's Temple
43%
Pac-Land
43%
Kongo Jungle
42%
Gamer
42%
Poke Floats
42%
Metal Gear SolidShadow Moses Island
42%
New Donk City
42%
Princess Peach's Castle
41%
Norfair
41%
Bridge of Eldin
41%
Fourside
41%
WarioWarioWare, Inc
41%
75m
41%
Kid IcarusSkyworld
40%
Town and City
40%
Final FantasyMidgar
39%
Magicant
39%
Animal CrossingSmashville
39%
Flat Zone X
37%
Mario Bros
37%
SplatoonMoray Towers
37%
Summit
37%
Green Greens
35%
BayonettaUmbra Clock Tower
34%
Saffron City
34%
Kalos Pokémon League
33%
Halberd
33%
Delfino Plaza
33%
Star FoxSector Z
33%
Yoshi's Story
33%
Great Cave Offensive
31%
Windy Hill Zone
31%
Ice ClimberIcicle Mountain
30%
Mega ManWily Castle
30%
Mario Circuit
30%
Great Plateau Tower
30%
Port Town Aero Drive
30%
Great Bay
30%
Spear Pillar
29%
PictoChat
29%
Luigi's Mansion
27%
Unova Pokémon League
27%
Mushroom Kingdom 2
25%
PikminDistant Planet
25%
Pirate Ship
25%
Pac-ManPac-Maze
25%
Street FighterSuzaku Castle
25%
Mushroom Kingdom U
24%
Arena Ferox
24%
Reset Bomb Forest
23%
Planet Zebes
23%
Coliseum
22%
Mario Galaxy
22%
Rumble Falls
22%
Skyloft
22%
Super Mario Maker
20%
Frigate Orpheon
20%
Pilotwings
20%
Congo Jungle
19%
Gerudo Valley
19%
Rainbow Road
19%
Tortimer Island
18%
Rainbow Cruise
18%
Woolly World
17%
Garden of Hope
17%
Hanenbow
17%
Golden Plains
17%
Spirit Train
16%
Paper Mario
16%
PictoChat 2
16%
Wuhu Island
14%
Pyrosphere
13%
3D Land
13%
Wrecking Crew
12%
Find Mii
12%
Prism Tower
11%
Wii Fit Studio
8%
Jungle Hijinks
8%
Tomodachi Life
7%
Miiverse
6%
Balloon Fight
5%
Living Room
4%
Orbital Gate Assault
0%
Custom
0%

Score Distribution

Percentile by Number Answered

Percent of People with Each Score

Your Score History

You have not taken this quiz since the last reset